Normal view
MARC view
- Introduction to Industrial Automation.NUSTTB2022
Entry Topical Term
001 - CONTROL NUMBER
- control field: 102811
003 - CONTROL NUMBER IDENTIFIER
- control field: NUST
005 - DATE AND TIME OF LATEST TRANSACTION
- control field: 20221117121042.0
008 - FIXED-LENGTH DATA ELEMENTS
- fixed length control field: 221117|| aca||aabn | a|a d
040 ## - CATALOGING SOURCE
- Original cataloging agency: NUST
- Transcribing agency: NUST
150 ## - HEADING--TOPICAL TERM
- Topical term or geographic name entry element: Introduction to Industrial Automation.NUSTTB2022
670 ## - SOURCE DATA FOUND
- Source citation: Work cat.: (NUST)591259: Manesis, Stamatios Nikolakopoulos, George 98316, Introduction to Industrial Automation, 2018.
